| 000 | 00357nam a2200133Ia 4500 | ||
|---|---|---|---|
| 008 | 231129s1987||||xx |||||||||||||| ||spa|| | ||
| 040 | _bspa | ||
| 082 | _a618.9201 M285r | ||
| 100 | _aManotas C. Rafael J. | ||
| 245 | 0 | _aEl recien nacido temas de neonatología | |
| 260 | _c1987 | ||
| 264 | _aMedellín Colombia : Prensa Creativa | ||
| 942 |
_2ddc _cBKS |
||
| 999 |
_c12268 _d12268 |
||